[Event "Ostrava"]
[Site "Ostrava"]
[Date "1994.??.??"]
[Round "2"]
[White "Stohl, Igor"]
[Black "Danner, Georg"]
[Result "1/2-1/2"]
[WhiteElo "2560"]
[BlackElo "2440"]
[Annotator "Dautov,R"]
[PlyCount "130"]
[EventDate "1994.06.??"]
[EventType "tourn"]
[EventRounds "11"]
[EventCountry "CZE"]
[EventCategory "11"]
[SourceTitle "CBM 042"]
[Source "ChessBase"]
[SourceDate "1994.10.01"]
[SourceVersion "1"]
[SourceVersionDate "1994.10.01"]
[SourceQuality "1"]

1. Nf3 d6 2. d4 f5 3. g3 Nf6 4. Bg2 g6 5. O-O Bg7 6. c4 O-O 7. Nc3 c6 8. d5 Bd7
9. Rb1 Na6 10. b4 Rc8 11. dxc6 (11. Be3 $5 cxd5 (11... Ng4 $5) 12. Nxd5 b6 13.
Nxf6+ Rxf6 14. Qd3 Nb8 15. Rfd1 Qc7 16. Nd4 Nc6 17. c5 $1 bxc5 18. bxc5 Nd8 19.
c6 $1 $16 {Schwarz-Buecker/BL 9192}) 11... Bxc6 (11... bxc6 $5) 12. Qb3 (12. c5
$5 e6 13. Ng5 Bxg2 14. Kxg2 Qd7 15. Qb3 d5 16. Rd1 b6 17. Qa4 h6 18. Qxd7 Nxd7
19. Nxe6 Bxc3 20. Nxf8 Nxf8 21. Bxh6 d4 $13 {Rashkovsky-Popov/St.Petersburg/
1994}) 12... Kh8 13. Be3 b6 14. Nd5 Nc7 (14... Nxd5 15. cxd5 Bb5 16. Nd4 Bc4
17. Qa3 $16) 15. Nd4 Bd7 (15... Bxd5 $2 16. cxd5 Ng4 17. Nc6 $16) 16. b5 $1 {
><c6} Ng4 (16... e6 17. Nxf6 (17. Nb4 $5 $16) 17... Qxf6 18. Nc6 Bxc6 19. bxc6
e5 20. Qa3 f4 21. Bd2 Ra8 22. Bb4 $16) (16... e5 17. Nc6 Bxc6 18. bxc6 Ng4 19.
Qa3 Nxe3 20. Nxe3 f4 21. Nd5 $16) 17. Nb4 (17. Nc6 Bxc6 18. bxc6 e6 19. Nxc7
Qxc7 {/\Ne5} 20. Bf4 $2 e5 21. Bd2 e4 $17) 17... Ne6 18. Nxe6 (18. Ndc6 $5 Bxc6
19. Nxc6 (19. bxc6 Nxe3 20. Qxe3 Nd4 21. Rfd1 e5 $13) 19... Qd7 20. Bd5 (20.
Bd2 Nd4 $10 21. Qd3 $2 Ne5 $1 22. Nxe5 dxe5 $17) 20... Nxe3 (20... Nc5 $2 21.
Bxc5 dxc5 22. Rbd1 Qc7 23. Be6 $18) 21. Qxe3 Nc5 22. Qxe7 Qxe7 23. Nxe7 Rce8
24. Nc6 Rxe2 $10) 18... Bxe6 19. Nc6 Qd7 20. Bd5 (20. Bg5 Rfe8 21. Bd5 h6 22.
Bd2 Bg8 $14) 20... Bg8 21. Bxg8 Rxg8 {/\Ne5} 22. Bf4 $14 h6 23. f3 Nf6 24. Rbd1
Kh7 25. Qd3 Rc7 26. Rfe1 (26. e4 fxe4 27. fxe4 Qh3 $132) 26... Qe6 27. e4 (27.
Kg2 $1 $14 {>=} Nd7 $6 28. e4 Nc5 29. Qd5 fxe4 30. fxe4 $16 {/\e5}) 27... fxe4
28. fxe4 Ng4 $132 (28... Qh3 29. e5 Ng4 30. Rd2 dxe5 31. Nxe5 Nxe5 32. Bxe5
Bxe5 33. Rxe5 $14) 29. Qd5 Qc8 30. Qd3 (30. Kg2 $6 g5 31. Bd2 Ne5) (30. h3 $2
Nf6 $17) 30... Rf8 31. Re2 (31. h3 $2 e5 32. hxg4 exf4 $36) 31... Qe6 32. Qd5
Qf7 33. Qxf7 Rxf7 34. h3 Ne5 35. Bxe5 Bxe5 36. Kg2 Kg7 37. Rd3 Bf6 $6 (37...
Rf8 $1 38. Ra3 (38. Nxe5 dxe5 $10) 38... a5 $10) 38. Nd8 (38. Ra3 $1 Rf8 (38...
e6 39. Rd2 Be5 40. Ra6 $16 {/\Rd3-a3}) 39. Rxa7 (39. Ra6 Rfc8 {/\ Rc6}) 39...
Rxa7 40. Nxa7 Ra8 41. Nc6 Ra4 42. Rc2 $16) 38... Rxc4 39. Nxf7 Kxf7 40. Ra3 Rc7
41. Rd2 Ke6 $14 42. Kf3 h5 43. Rdd3 Be5 44. Ra4 Bc3 45. Kf4 Kf6 46. g4 e5+ 47.
Kf3 Ke6 (47... Bd4 $5 48. gxh5 gxh5 49. Rda3 Kg5 50. Rxa7 Rc2 51. Rg7+ Kh4 52.
Rg2 Rc7 $44) 48. gxh5 gxh5 49. Ke2 h4 50. Kf3 Bd4 51. Kg4 Bf2 52. Rda3 Rf7 53.
Rf3 Rg7+ 54. Kh5 Be1 55. Rc4 Rg2 $132 56. a3 Rd2 {><e4} 57. Rc7 Re2 58. Rc6 Bf2
59. Kg6 Bc5 60. Rf6+ Kd7 61. Kf5 Rf2+ 62. Kg5 Re2 63. Rf7+ Ke6 64. Rf6+ Kd7 65.
Rf7+ Ke6 1/2-1/2

[Event "FRA-chT Top 12"]
[Site "Haguenau"]
[Date "2013.06.06"]
[Round "8"]
[White "Edouard, Romain"]
[Black "Vaisser, Anatoli"]
[Result "1/2-1/2"]
[WhiteElo "2659"]
[BlackElo "2548"]
[Annotator "Edouard,R"]
[PlyCount "81"]
[EventDate "2013.05.30"]
[EventType "team-tourn"]
[EventRounds "11"]
[EventCountry "FRA"]
[SourceTitle "CBM 155"]
[Source "ChessBase"]
[SourceDate "2013.07.16"]
[SourceVersion "1"]
[SourceVersionDate "2013.07.16"]
[SourceQuality "1"]
[WhiteTeam "Chalonnais Echiquier"]
[BlackTeam "Strasbourg"]
[WhiteTeamCountry "FRA"]
[BlackTeamCountry "FRA"]

1. c4 f5 2. Nf3 Nf6 3. g3 g6 4. Bg2 Bg7 5. O-O d6 6. d4 O-O 7. Nc3 c6 8. Qc2 {
Not the main move. Just an improvement over the board!} (8. d5 $5) (8. b3 $5) (
8. Qb3 $5) 8... Na6 9. Bd2 $5 (9. a3 {is main here.}) 9... Qc7 (9... Qe8 $5)
10. e4 e5 11. c5 $1 {Giving a sharp and very interesting position.} exd4 (11...
dxc5 $6 12. dxe5 Ng4 13. Qb3+ $16) 12. cxd6 Qd8 (12... Qd7 {seemed to me
better, and for example after} 13. e5 dxc3 14. exf6 cxd2 15. fxg7 Rf6 $1 {
Black should escape problems.}) 13. e5 $1 dxc3 14. Bg5 cxb2 (14... h6 15. exf6
Bxf6 16. Bxh6 $40) 15. Rad1 $6 (15. Qc4+ $1 Kh8 16. Rab1 {would give White a
big advantage. But I considered my move 15.Rad1 to be winning.}) 15... Be6 16.
Nd4 (16. Rfe1 $2 Bd5 17. Nd4 Qb6 $17) 16... Qd7 17. exf6 Bxf6 18. Bxf6 (18.
Nxe6 $5 Qxe6 19. Rfe1 Qf7 (19... Qxa2 20. Bxf6 Rxf6 $2 21. Qc3 $18) 20. Bxf6
Qxf6 21. Qb3+ Kh8 22. Re6 Qg7 23. Re7 Qf6 24. Qa3 $1 Rab8 (24... Rad8 $2 25.
Rxb7 $18) 25. Rb1 $40) 18... Rxf6 19. Qxb2 Raf8 20. Rfe1 Nc5 {All those forced
moves were precisely what I calculated while playing 15.Rad1; but here for
some reason, I had seen many things as clearly better for White, but none of
them is clear at all! The logical move 21.Nxe6 was best.} (20... Bd5 $2 21. Re7
Qxd6 22. Qxb7 $18) 21. Qa3 $6 (21. Qb4 Na6 $1 (21... Ne4 22. Bxe4 fxe4 23. Nxe6
Rxe6 24. Rxe4 $14)) (21. Nxe6 Rxe6 (21... Nxe6 22. a4 $40) 22. Qd4 Ne4 23. Bxe4
fxe4 24. Rxe4 $14) 21... Ne4 22. f3 Ng5 23. Nxe6 (23. Qe3 {was my initial
intention, but after} f4 {Black is doing very well.}) 23... Rxe6 24. Rxe6 Qxe6
25. Qxa7 Qe2 26. Qa4 Qe3+ (26... Nxf3+ $4 27. Bxf3 Qxf3 28. Qc4+ Kg7 29. Re1
$18) 27. Kh1 Rd8 28. Qc4+ $2 $138 (28. d7 {should hold a draw. But suddenly I
am the one suffering both on time and on the position.}) 28... Qe6 (28... Kf8
$5) 29. Qb4 Nf7 (29... Rd7 $1 {would create more problems.}) 30. Re1 $2 (30.
Qxb7 Rxd6 31. Qb8+ Kg7 32. Qb2+ $11) 30... Qxa2 31. Qxb7 Rxd6 (31... Qd2 $142)
32. f4 Qd2 $6 (32... Qf2 $142) 33. Re8+ $1 Kg7 34. h4 $1 {Now White holds.} Rd7
(34... Qc3 35. Re7 $11) 35. Qxc6 Nh6 36. Qc5 Qd1+ 37. Kh2 Ng4+ 38. Kh3 Kh6 39.
Re7 $1 Rd2 (39... Nf2+ 40. Kh2 $11) 40. Rxh7+ Kxh7 41. Qe7+ 1/2-1/2

[Event "ESP-chB playoff"]
[Site "Ayamonte"]
[Date "2002.10.08"]
[Round "3"]
[White "Illescas Cordoba, Miguel"]
[Black "Herraiz Hidalgo, Herminio"]
[Result "1/2-1/2"]
[WhiteElo "2585"]
[BlackElo "2458"]
[Annotator "Finkel,A"]
[PlyCount "101"]
[EventDate "2002.10.08"]
[EventType "k.o."]
[EventRounds "4"]
[EventCountry "ESP"]
[SourceTitle "CBM 092"]
[Source "ChessBase"]
[SourceDate "2003.02.06"]
[SourceVersion "1"]
[SourceVersionDate "2003.02.06"]
[SourceQuality "1"]

1. d4 f5 2. g3 Nf6 3. Bg2 g6 4. Nf3 Bg7 5. O-O O-O 6. b3 d6 7. Bb2 Qe8 8. d5 (
8. c4 c6 9. Nc3 Na6) 8... Na6 9. c4 Bd7 10. Nc3 c6 11. Nd4 Nc7 12. Rc1 {
Letting black to play c5, however also after 12.b4 black doesn't face serious
problems.} (12. b4 e5 13. dxe6 Nxe6 14. Nb3 Rd8 (14... Qe7 15. Qd2 Rad8 16.
Rad1 Be8 17. f4 Bf7 $13 {Olafsson,H-Hjartarson,J/Island 1995}) 15. Na5 Bc8 16.
Rb1 Qe7 17. b5 c5 18. Nd5 $14 {Drazic,S-Konikowski,J/Dortmund 1990}) (12. e3 c5
13. Nf3 b5 14. Nd2 Ng4 15. Qc2 bxc4 16. bxc4 Rb8 17. Rae1 e5 $132 {Georgiev,
K-Grigorov,J/Pernik 1983}) 12... c5 13. Nf3 (13. Nc2 b5 14. Nxb5 Nxb5 15. cxb5
Bxb5 16. Na3 a5 17. Nxb5 Qxb5 18. a4 Qb7 19. Bc3 Rfb8 $13 {Wockenfuss,K-Gupta,
M/Nuremberg 1990}) 13... b5 {Black's plan is to play on the quuenside while
white is supposed to play on the kingside and in the center.} (13... Rb8 14.
Qc2 a6 15. Nd2 g5 16. e3 f4 17. exf4 gxf4 18. Nce4 Qh5 19. Bxf6 Bxf6 20. Nxf6+
Rxf6 $36 {Horvath,J-Ionescu,V/Timisoara 1993}) 14. Qc2 (14. cxb5 Nxb5 15. Nxb5
Bxb5 16. Rc2 (16. Nd2 Bh6 17. Rc2 Rb8 18. Nc4 f4 19. Re1 fxg3 20. hxg3 Bg7 21.
e4 $14 {Jacobs,J-Goebel,W/GER 1999}) (16. Ng5 Bd7 17. Ne6 Bxe6 18. dxe6 Rb8 19.
Rc4 Qc8 $13 {Jirovsky,P-Mann,G/Stockerau 1991}) 16... h6 17. Nd2 Qf7 18. Nc4
Bd7 19. Re1 g5 20. e3 Rae8 21. Bxf6 Bxf6 22. f4 $14 {Larusdottir,A-Lang,H/
Istanbul 2000}) 14... a5 {[%cal Ga5a4]} 15. cxb5 Nxb5 16. Nxb5 Bxb5 17. Ng5 {
[%cal Gg5e6]} Bd7 {Of course black can't tolerate the knight on e6.} (17... Bh6
18. f4 Bd7 19. Ne6 Bxe6 20. dxe6 Ra7 21. e4 fxe4 22. Bxe4 Nxe4 23. Qxe4 Bg7 $14
) 18. Ne6 Bxe6 19. dxe6 Rb8 20. Bc3 Qc8 (20... Qd8 21. Qd3 Ne8 22. Bd2 Qb6 23.
e4 $14) 21. Bxa5 Qxe6 22. Bc3 d5 $6 {Black doesn't get sufficient counterplay
for a pawn that's why it was better to play} (22... Ne4 23. Bxg7 Kxg7 24. Qb2+
Qf6 25. Qxf6+ Rxf6 26. f3 Ng5 27. h4 Ne6 28. f4 $14 {with minimal advantage
for white.}) 23. Bxf6 Bxf6 24. Qxc5 Qxe2 25. Qxd5+ Kg7 26. a4 Rfd8 27. Qc4 Qa2
28. Bd5 Rd6 29. Rc2 (29. Rfd1 Rbd8 30. Kg2 e6 31. Bf3 Rd2 (31... Rxd1 32. Rxd1
Rxd1 33. Bxd1 Qd2 34. Be2 $16) 32. Rxd2 Rxd2 33. Rf1 Bd4 $44 {[%csl Rf2]})
29... Qa3 30. Re1 (30. Be6 $5) 30... Rb4 31. Qd3 $4 {Blundering a piece!} (31.
Qc5 $16) 31... Rxa4 $2 {Refusing to take a gift!} (31... Rd4 $1 32. Rxe7+ Kh6
33. Qe2 (33. Qe3+ f4 $19) 33... R6xd5 34. Rf7 Qa1+ 35. Kg2 Re4 $19) 32. Qf3 Rd4
33. Bc4 Qb4 $11 {After mutual mistakes the position has finally become
balanced.} 34. Rce2 e5 35. Qa8 e4 (35... Rd8 $5) 36. Qg8+ Kh6 37. h4 Rd1 38.
Rxd1 Rxd1+ 39. Kg2 Qb7 40. Qe6 Kg7 41. Qa6 Qb4 (41... Qxa6 $5 42. Bxa6 Bd4 43.
Bc4 Kf6 $15) 42. Qa7+ Kh6 43. Qe3+ Kg7 44. Ra2 Rd7 45. Ra7 Rxa7 46. Qxa7+ Kh6
47. Bg8 Qe7 48. Qxe7 Bxe7 49. f3 exf3+ 50. Kxf3 Bd6 51. Bc4 1/2-1/2

[Event "Montreal 3rd"]
[Site "Montreal"]
[Date "2002.07.28"]
[Round "4"]
[White "Lesiege, Alexandre"]
[Black "Hebert, Jean"]
[Result "1-0"]
[WhiteElo "2561"]
[BlackElo "2416"]
[Annotator "Finkel,A"]
[PlyCount "75"]
[EventDate "2002.07.25"]
[EventType "tourn"]
[EventRounds "11"]
[EventCountry "CAN"]
[EventCategory "11"]
[SourceTitle "CBM 091"]
[Source "ChessBase"]
[SourceDate "2002.11.12"]
[SourceVersion "1"]
[SourceVersionDate "2002.11.12"]
[SourceQuality "1"]

1. d4 d6 2. Nf3 g6 3. g3 Bg7 4. Bg2 f5 5. O-O Nf6 6. c4 O-O 7. Nc3 c6 8. b3 Na6
9. Bb2 Bd7 10. a3 Nc7 $6 (10... Qe8 11. Re1 (11. b4 e5 12. dxe5 dxe5 13. Qb3 e4
14. Ne1 Be6 $13 {Fuglsang,F-Jensen,V/Copenhagen 1981}) (11. d5 Rd8 12. Nd4 e5
13. dxe6 Bxe6 14. Nxe6 Qxe6 15. Qc2 Nc5 16. Rad1 Rfe8 17. e3 $14 {Gomez
Esteban,J-Ochoa de Echaguen,F/Lisbon 1993}) 11... e5 12. e4 f4 13. dxe5 dxe5
14. gxf4 Nh5 15. Nxe5 Bh3 $1 $36 {[%csl Rg1] Gomez Esteban,J-Ochoa de Echaguen,
F/Bilbao 1993}) (10... b5 11. cxb5 cxb5 12. b4 Nc7 13. d5 Ng4 14. Qd2 Rc8 15.
Rfc1 Na8 16. Nd1 $14 {Radke,R-Glek,I/Bad Zwesten 1997}) (10... Rc8 11. Rc1 Qe8
12. Nd2 e5 13. dxe5 dxe5 14. e4 Nc5 15. Qe2 Bh6 $15 {Schmidt,F-Lutz,K/
Wiesbaden 1992}) (10... Qc7 11. Rc1 Rae8 12. d5 e5 13. dxe6 Bxe6 14. e3 Kh8 15.
Qc2 Bg8 16. Rfd1 Nc5 17. b4 $14 {Angantysson,H-Kolbak,J/Ybbs 1968}) 11. Rc1 Kh8
12. Qd3 Rb8 (12... Qe8 $5 {[%cal Ge7e5]} 13. d5 Rd8 14. Rfd1 e5 15. dxe6 Bxe6
16. Nd4 Bc8 $14 {[%cal Gd6d5]}) 13. d5 {Black got too passive position after
the opening and he doesn't manage to create sufficient counterchances.} a5 $6
14. Ba1 Na6 15. Nd4 Nc5 16. Qd2 cxd5 (16... e5 17. dxe6 Nxe6 18. Nxe6 Bxe6 19.
Rfd1 $16 {[%csl Rd6]}) 17. cxd5 Qb6 18. Rb1 Rfc8 19. h3 {White is not in the
hurry.} Qd8 20. Rfe1 Qg8 (20... b5 21. b4 axb4 22. Rxb4 Nfe4 23. Nxe4 Nxe4 24.
Qe3 $14) 21. Qe3 Qe8 22. b4 axb4 23. axb4 Nce4 24. Nxe4 fxe4 25. Bxe4 Bxh3 (
25... Nxe4 $2 26. Qxe4 Bxh3 27. g4 $1 {[%csl Rh3]} h5 28. Ne6 Bxa1 29. Rxa1 Kg8
30. Qd4 Qf7 31. Ng5 $18) 26. Bf3 Qf7 27. Ne6 Bxe6 28. dxe6 Qg8 29. Rbc1 Qd8 (
29... Rxc1 30. Rxc1 Rc8 31. Bxb7 Rxc1+ 32. Qxc1 Qxe6 33. e3 $16 {[%cal Gb4b8]})
30. Bd4 d5 $6 {[%csl Rd5]} (30... b5 $5) 31. Rcd1 Qe8 (31... Qd6 $6 32. Be5
Qxe6 33. Bxb8 Qxe3 34. fxe3 Rxb8 35. Bxd5 $16) 32. Kg2 $1 {[%csl Rh7] After
this move white's plan becomes clear- it's very difficult for black to do
something against an attack over the h-file.} Qb5 33. Rh1 Rf8 34. Rh4 Kg8 35.
g4 Qa4 (35... Qxb4 36. g5 Nh5 37. Bxh5 gxh5 38. Rdh1 Bxd4 39. Rxd4 Qd6 40. Rxh5
Rf5 41. Rdh4 Re5 42. Qd3 $18) 36. Rdh1 h5 37. gxh5 Qc2 38. h6 1-0

[Event "Orel"]
[Site "Orel"]
[Date "1994.??.??"]
[Round "7"]
[White "Kiselev, Sergey"]
[Black "Popov, Valerij"]
[Result "1-0"]
[WhiteElo "2465"]
[BlackElo "2395"]
[Annotator "Gagarin,V"]
[PlyCount "107"]
[EventDate "1994.??.??"]
[EventType "tourn"]
[EventRounds "11"]
[EventCountry "RUS"]
[EventCategory "8"]
[SourceTitle "CBM 042"]
[Source "ChessBase"]
[SourceDate "1994.10.01"]
[SourceVersion "1"]
[SourceVersionDate "1994.10.01"]
[SourceQuality "1"]

1. d4 f5 2. g3 Nf6 3. Bg2 c6 4. c4 d6 5. Nf3 g6 6. O-O Bg7 7. Nc3 O-O 8. b3 Qa5
9. Bb2 e5 10. Qd2 $5 (10. dxe5 dxe5 11. Qc2 Nbd7 12. Rad1 e4 (12... Re8 $5) 13.
Ng5 Ne5 14. Nb5 $1 cxb5 15. Bxe5 h6 16. Nh3 g5 17. Rd6 Qc7 18. Qb2 Qf7 19. cxb5
Be6 20. f3 $16 {Kiselev,S-Litus,V/Czestochowa/1990/1-0 (30)}) 10... Na6 (10...
e4 $4 11. Nxe4 $18) (10... Re8 11. Rad1 Nbd7 12. Rfe1 Nh5 13. e3 $1 Qd8 $2 (
13... Qc7 $1) 14. dxe5 dxe5 15. e4 $16 Qf6 (15... f4 16. Bh3 Qe7 17. Nd5 $1
cxd5 18. Qxd5+ Kf8 (18... Kh8 19. Bxd7 Rd8 20. Nxe5 $18) 19. Bxd7 Rd8 20. Ng5
$1 $18) 16. exf5 gxf5 17. Ng5 Qg6 $2 (17... h6 $5) 18. Bd5+ $1 $18 {Gagarin,
V-Litus,V/Czestochowa/1990/1-0 (24)}) (10... Nbd7 11. Rad1 $14) (10... Qc7 11.
dxe5 dxe5 12. e4 Na6 13. exf5 Bxf5 14. Rad1 Rfe8 $1 15. h3 Nc5 16. Qe3 Nd3 $1
17. Ba1 Nb4 $132 {Polugaevsky,L-Dolmatov,S/Reykjavik/1990/0,5 (24)}) 11. Rfd1
exd4 $6 12. Nxd4 $14 Bd7 13. a3 Rad8 14. b4 Qc7 15. Rac1 Ng4 16. e3 $1 Rfe8 17.
Nb3 $1 Be6 18. Nd5 $6 (18. Na5 $5 $16 {/\ Nd5}) 18... Qf7 19. Bxg7 Qxg7 20. Nf4
Bc8 21. b5 (21. h4 $142 $1 h6 $6 22. b5 $16 {>< >>}) 21... Nb8 22. h3 $6 (22.
a4 $5 $14 {/\ a5}) (22. Na5 $5 c5 23. Nb3 $16 {>< d5}) 22... Ne5 23. h4 Qe7 24.
bxc6 bxc6 25. Nd4 Qc7 $14 26. Rb1 Bd7 27. Qc3 Na6 28. Nb3 Rb8 29. Rb2 Be6 $6
30. Nxe6 Rxe6 31. Rbd2 Rd8 32. e4 $6 $138 fxe4 33. Bxe4 Re7 {<=> <->e} 34. Bg2
Nb8 35. Nd4 Rde8 36. Nc2 $1 Nf7 37. Ne3 Nd7 38. Re2 $1 {/\ Rde1,Nf5} Qb6 39.
Rde1 Qc5 $6 (39... Kf8 $1 $14 {/\ Qc5,d5}) 40. Nf5 Re5 41. Rxe5 Nfxe5 $6 (41...
Rxe5 $2 42. Ne7+ Kf8 43. Nxc6 $18) (41... Ndxe5 $5 $14) 42. Nd4 $1 $16 {>< c6}
(42. Ne3 $6 d5 $132) 42... Rf8 43. Re2 Rf6 44. f4 $1 Nxc4 (44... Qxc4 45. Qd2
$5 $16 (45. Qxc4+ Nxc4 46. Bxc6 $16 {>< d5})) 45. Bxc6 Nf8 46. Kh2 Nxa3 $6 (
46... Na5 $5 47. Qb2 $16) 47. Qd3 $1 Nc4 48. Bg2 Nb6 49. Rc2 Qa5 50. Qb3+ Kh8
51. Nc6 Qe1 $2 (51... Qa1 $142 $16) 52. Qb2 $18 Nbd7 53. Re2 Qd1 54. Ne7 {
/\ Nd5} 1-0

[Event "Hoogovens op"]
[Site "Wijk aan Zee"]
[Date "1993.01.??"]
[Round "9"]
[White "Hodgson, Julian M"]
[Black "Gurevich, Mikhail"]
[Result "1-0"]
[WhiteElo "2565"]
[BlackElo "2610"]
[Annotator "Gurevich,M"]
[PlyCount "85"]
[EventDate "1993.01.??"]
[EventType "swiss"]
[EventRounds "12"]
[EventCountry "NED"]
[SourceTitle "CBM 034"]
[Source "ChessBase"]
[SourceDate "1993.06.01"]
[SourceVersion "1"]
[SourceVersionDate "1993.06.01"]
[SourceQuality "1"]

1. d4 {Schussler} f5 2. Nf3 Nf6 3. g3 g6 4. Bg2 Bg7 5. b3 O-O 6. Bb2 d6 7. O-O
Na6 8. c4 c6 9. Nc3 Qe8 10. d5 Bd7 11. Nd4 Nc7 12. Qd2 c5 13. Ne6 $5 (13. Nf3)
(13. Nf3 {Schussler} a6 14. Rae1 b5 15. Qd3 Rb8 16. Ba1 {+/=/= -
Stefanov-Marasescu, Rumania (ch) 1983}) 13... Bxe6 (13... Nxe6 14. dxe6 Bxe6
15. Bxb7 Rb8 16. Bg2 $14) 14. dxe6 Rb8 15. Nd5 Nxe6 $2 (15... Ncxd5 16. cxd5 b5
$14 (16... b5 {Schussler} 17. b4 $16)) (15... Nfxd5 $5 16. Bxg7 Kxg7 17. cxd5
b5 {/\ 18...b4<=>} (17... b5 {Schussler} 18. b4 $16)) 16. Nxf6+ exf6 (16...
Bxf6 17. Bd5 Kf7 18. e4 $18) 17. Rad1 (17. Qxd6 $4 {Schussler} Rd8 $19) 17...
Kh8 18. e3 (18. Qxd6 $4 Rd8 $19) 18... Qf7 19. Qa5 $5 b6 20. Qa4 Rfd8 21. Rd2 (
21. f4 $1 $16 {/\ 22.Rd3, 23.Rfd1}) 21... f4 $5 22. gxf4 f5 23. Qa3 Bxb2 24.
Qxb2+ Ng7 $6 (24... Qg7 25. Qxg7+ Kxg7 26. Rfd1 Kf6 27. Rxd6 Rxd6 28. Rxd6 Ke7
$14) 25. Rfd1 Qe7 26. b4 h6 $6 $138 (26... cxb4 27. Qxb4 Ne8 28. Bc6 Nf6 29.
Rxd6 Rxd6 30. Qxd6 Qxd6 31. Rxd6 Kg7 $14) 27. b5 Kh7 28. Rd3 $5 {/\ 29.Qd2; xd6
} Nh5 29. Qd2 g5 30. Rd5 $1 $16 Ng7 31. fxg5 hxg5 32. Rxd6 Rxd6 33. Qxd6 Re8
34. Qg3 Qf6 35. Qh3+ Kg6 36. Qg3 Rd8 37. Bd5 Qe7 38. h4 $5 $18 g4 39. e4 Rf8
40. exf5+ Nxf5 41. Qxg4+ Kh6 42. Be4 Qe6 43. Rd8 $1 1-0

[Event "Escaldes zt"]
[Site "Escaldes"]
[Date "1998.11.08"]
[Round "3"]
[White "Gurevich, Mikhail"]
[Black "De la Riva Aguado, Oscar"]
[Result "1-0"]
[WhiteElo "2610"]
[BlackElo "2510"]
[Annotator "Gurevich,M"]
[PlyCount "81"]
[EventDate "1998.11.06"]
[EventType "swiss"]
[EventRounds "9"]
[EventCountry "AND"]
[SourceTitle "CBM 068"]
[Source "ChessBase"]
[SourceDate "1999.02.01"]
[SourceVersion "1"]
[SourceVersionDate "1999.02.01"]
[SourceQuality "1"]

1. d4 {Hecht} f5 2. c4 Nf6 3. Nc3 d6 4. Nf3 g6 5. g3 Bg7 6. Bg2 O-O 7. O-O c6
8. d5 e5 9. dxe6 Bxe6 10. b3 Na6 11. Ng5 Qe7 12. Ba3 Rad8 13. Nxe6 Qxe6 14. Rc1
$5 (14. e3 Rfe8 15. Qc2 Nc5 16. Rad1 Nce4 17. Nxe4 Nxe4 18. Rd3 Rd7 19. Rfd1
Red8 20. Bb2 Nc5 21. Rd4 Qe7 22. R4d2 Ne4 23. Rd4 Nc5 24. R4d2 Ne4 {1/2-1/2
Bareev,E-Agrest,E/New York 1998/CBM 64 (24)}) 14... Rfe8 15. Qc2 Nc7 $5 {
[/\ 16...d5]} (15... Nc5 16. Rfd1 Nce4 17. Nxe4 Nxe4 18. Rd3 $14) 16. Rfd1 d5
17. cxd5 Nfxd5 18. Nxd5 Nxd5 19. Bxd5 Rxd5 20. Rxd5 Qxd5 (20... cxd5 $5 21. Qd3
d4 (21... Qxe2 22. Qxd5+ Kh8 23. Qd7 $5 $14) 22. Rc2 $14) 21. Rd1 Qf7 (21...
Qa5 22. Qc4+ Kh8 23. Qf7 $36) (21... Qe6 22. e3 $14) 22. Rd3 $5 {[/\23.Qd2]}
Re5 $2 (22... f4 $5 23. Qd2 fxg3 (23... Qe6 24. Qxf4 Qxe2 25. Rd7 $14) 24. hxg3
b6 $11 {[/\ c6-c5-c4]} 25. Rd7 $2 Rxe2 $17) 23. Rd8+ Re8 24. Qd3 $1 $14 Rxd8 $6
(24... a6 25. Bc5 $14) 25. Qxd8+ Bf8 26. Qa8 $1 $16 b6 27. Bxf8 Qxf8 28. Qxc6 {
Hecht: 'Geschwächte schwarze Position bei sicherer weißer Königsstellung sowie
unzulängliche (nicht zäh genug) schwarze Verteidigung erleichtern Weiß den
Gewinn. Technik. '} Qa3 29. Qc4+ Kg7 30. Qd4+ Kg8 31. Qa4 Qb2 (31... Qe7 $142 {
Hecht nebst Stillhaltetaktik...}) 32. Qc4+ Kg7 33. a4 h5 34. Kg2 Kh6 35. h4 Kh7
36. Qf7+ Kh6 37. Qf8+ Kh7 38. Qe7+ Kg8 (38... Kh6 {Hecht} 39. Qxa7 Qxb3 40. Qb8
{[%cal Rb8h8]} Qd5+ 41. Kh2 Qd4 42. Qf4+ $18) 39. Qxa7 Qxb3 40. Qa8+ Kh7 41.
Qb7+ (41. Qb7+ Kh6 42. a5 b5 43. a6 $18) 1-0